On ... ? - Clic Quiz - Statistiques

Statistiques générales
  • Ce quiz a été pris 148 fois
  • Le résultat moyen est 11 sur 20
Statistiques - réponses
Hint Explanation Réponse % Correct
Chanson de Gilbert Montagné On va s'aimer
87%
Extrait du clip de la reprise de la chanson "On Ecrit Sur Les Murs" de Kids United On Ecrit Sur Les Murs
83%
Extrait de l'Emission TV "On n'est pas couché" On n'est pas couché
79%
Chanson de Jennifer Lopez et Pitbull On the Floor
78%
Utilisé pour démarrer une course en Athlétisme, suivi de "Get set, go!" ou "Set, go!" On your marks
76%
Extrait de l'Emission TV "On n'demande qu'à en rire On n'demande qu'à en rire
74%
Extrait de l'épisode "On a marché sur la Lune" des Aventures de Tintin On a marché sur la Lune
71%
Chanson de Michel Polnareff On ira tous au paradis
61%
Extrait du film le Dîner de Con avec la réplique "On a les droits" On a les droits
59%
Un slogan des Enfoirés On compte sur vous
56%
Extrait d'un spectacle de Jamel Debbouze où il dit "On va tous mourir" On va tous mourir
52%
Extrait du film "On continue à l'appeler Trinita" de 1971 On continue à l'appeler Trinita
48%
Chanson de Céline Dion On ne change pas
46%
Extrait de l'émission "On refait le match" prononcé ici par Eugène Saccomano On refait le match
44%
Chanson de Bernard Lavilliers On the road again
42%
Chanson de Francis Lalanne On se retrouvera
38%
Extrait de l'émission TV "On ne peut pas plaire à tout le monde" On ne peut pas plaire à tout le monde
37%
t Extrait de l'Emission TV "On a tout essayé" On a tout essayé
32%
Extrait du film "On achève bien les chevaux" de 1969 On achève bien les chevaux
28%
Extrait du film "On connaît la chanson" de 1997 On connaît la chanson
28%
Aucun quiz correspondant
Distribution des résultats
% des personnes avec chaque résultat
Percentile par nombre de réponses
Votre historique - résultats
Vous n’avez pas pris ce quiz